|
|
|
|
| LEADER |
00841nab#a2200313#ar4500 |
| 001 |
000080331 |
| 003 |
SVKKK |
| 005 |
20060815134257.0 |
| 008 |
030616c2006 xo e sloo |
| FMT |
|
|
|
| 038 |
|
|
|a SVKKK
|
| 040 |
|
|
|a SVKKK
|b slo
|e AACR2
|
| 041 |
0 |
|
|a slo
|
| 044 |
|
|
|a xo
|c SK
|
| 080 |
|
|
|a 271.0
|2 1997
|
| 080 |
|
|
|a 616-006:369.223.24
|2 1997
|
| 100 |
1 |
|
|a Grochálová, Martina
|4 aut
|
| 245 |
1 |
0 |
|a Včasná prevencia je na prvom mieste
|c Martina Grochálová ; Peter Kresánek
|
| 300 |
|
|
|b Fotogr.
|
| 610 |
2 |
4 |
|a Onkologický ústav sv. Alžbety.
|b Preventívne centrum (Bratislava, Slovensko)
|
| 700 |
1 |
|
|a Kresánek, Peter
|4 pht
|
| 773 |
0 |
|
|t Katolícke noviny
|x 0139-8512
|g Roč. 121, č. 13 (2006), s. 22
|
| 957 |
|
|
|a 101
|
| 974 |
|
|
|a Čr
|
| 992 |
|
|
|a RBX
|
| BAS |
|
|
|
| 852 |
|
|
|a SVKKK
|b BIB
|
| EXP |
|
|
|
| 998 |
|
|
|a SLO
|